[Event "Donskoj 07"]
[Site "Donskoj"]
[Date "2018.07.24"]
[Round "8"]
[White "Baimagambetova, Aliya"]
[Black "Karpov, Alexander"]
[Result "0-1"]
[WhiteElo "2223"]
[BlackElo "2238"]
[PlyCount "100"]
[EventDate "2018.07.20"]
[EventType "tourn"]
[EventRounds "9"]
[EventCountry "RUS"]
[EventCategory "2"]
[SourceTitle "CBM 186 Extra"]
[Source "ChessBase"]
[SourceDate "2018.08.24"]
[SourceVersion "1"]
[SourceVersionDate "2018.08.24"]
[SourceQuality "1"]

1. e4 c6 2. Nc3 d5 3. Nf3 Bg4 4. h3 Bxf3 5. Qxf3 Nf6 6. d3 e6 7. g3 Bb4 8. Bd2 d4 9. Nb1 Qb6 10. b3 Nbd7 11. Bg2 h5 12. h4 0-0-0 13. a3 Ne5 14. Qe2 Bxd2+ 15. Nxd2 Qc5 16. Nc4 Nxc4 17. dxc4 Ng4 18. b4 Qe5 19. Rd1 g5 20. c5 gxh4 21. Rxh4 d3 22. cxd3 Qc3+ 23. Kf1 Qxa3 24. d4 Qxb4 25. f3 Ne5 26. f4 Ng6 27. Rxh5 Rxh5 28. Qxh5 Rxd4 29. Rxd4 Qxd4 30. Qh7 Qc4+ 31. Ke1 Qc1+ 32. Ke2 Qc2+ 33. Kf3 Qd1+ 34. Kf2 Qd4+ 35. Kf3 Qf6 36. Qg8+ Kc7 37. Ke2 Qe7 38. e5 Nf8 39. Bf3 Nd7 40. Bh5 f6 41. exf6 Qxf6 42. Qh7 Qb2+ 43. Kf1 Qh2 44. g4 Qxf4+ 45. Kg2 a5 46. Kh3 Qe3+ 47. Kg2 Qxc5 48. Be8 Qd5+ 49. Kh2 a4 50. g5 a3 0-1

[Event "Donskoj 07"]
[Site "Donskoj"]
[Date "2018.07.23"]
[Round "6"]
[White "Baimagambetova, Aliya"]
[Black "Brovkin, Alexander"]
[Result "0-1"]
[WhiteElo "2223"]
[BlackElo "2294"]
[PlyCount "81"]
[EventDate "2018.07.20"]
[EventType "tourn"]
[EventRounds "9"]
[EventCountry "RUS"]
[EventCategory "2"]
[SourceTitle "CBM 186 Extra"]
[Source "ChessBase"]
[SourceDate "2018.08.24"]
[SourceVersion "1"]
[SourceVersionDate "2018.08.24"]
[SourceQuality "1"]

1. d4 g6 2. c4 Bg7 3. Nc3 d6 4. e4 e5 5. d5 Nh6 6. Bd3 0-0 7. Nge2 f5 8. exf5 gxf5 9. 0-0 Qh4 10. f4 c5 11. dxc6 bxc6 12. c5 d5 13. fxe5 Nd7 14. Bf4 Ng4 15. e6 Nxc5 16. h3 Ne5 17. Bc2 Bxe6 18. Qd2 Ned7 19. Qe3 Ne4 20. Nd4 Qf6 21. Nxc6 Bf7 22. Ba4 Rfe8 23. Nb4 Nxc3 24. Qxc3 Qb6+ 25. Kh1 Bxc3 26. bxc3 Nc5 27. Bxe8 Rxe8 28. Rad1 Re2 29. Nxd5 Bxd5 30. Rxd5 Ne4 31. Rxf5 Qg6 32. g4 Qc6 33. Kg1 Qb6+ 34. Kh1 Qb7 35. Kg1 Nf6 36. Rf2 Qb6 37. Bc7 Re1+ 38. Kg2 Qxc7 39. Rxf6 Qb7+ 40. Kg3 Qe7 41. g5 0-1